000 01003cab a2200253 4500
001 E91477
008 090401t1998 xxu||||| |||| 00| 0 eng d
035 _a(Sirsi) u85957
041 _aeng
245 _aWirral Borough Council v Currys Group plc
260 _c1998
350 _a0
490 _aScots Law Times
_v1998 SLT 463-468(6)
520 _aOuter House. 29 April 1997. Landlord and tenant - lease - rent - clause imposing liquidate penalty on late payement - whether penalty cluse - whether enforceable - extent to which enforceable. Contract - construction - clause imposing liquidate penalty on late payement of "a fifth part more" - whether penalty clause - whether enforceable - extent to which enforceable.
650 _aLANDLORD AND TENANT
_96252
650 _aLATE PAYEMENTS
650 _aLATE PAYMENT
650 _aLEASES
650 _aPENALTY CLAUSES
650 _aRENT
690 _aLANDLORD AND TENANT-CASE LAW-BUSINESS TENANCIES
942 _n0
948 _c01/05/1998
999 _c54076
_d54076